000 02404nam a2200325 i 4500
003 EG-GICUC
005 20260121101721.0
008 260112s2017 ua ||||fr|||| 00| 0 ara d
040 _a EG-GICUC
_bara
_c EG-GICUC
_d EG-GICUC
_erda
041 0 _aara
082 0 4 _221
_a345.43
_bح س . ح
092 0 4 _221
099 _aLaw1 07 345.43 ح س . ح 1 ed - 2017
100 0 _aحسن طلال يونس الجليلي
_eمؤلف.
245 1 0 _aحق الموظف العام في الانتماء إلى الأحزاب السياسية :
_b(دراسة مقارنة) /
_cالدكتور حسن طلال يونس الجليلي.
250 _aالطبعة الأولى
264 1 _aالقاهرة :
_bالمركز القومي للإصدارات القانونية،
_c2017.
300 _a310 ؛ صفحة
_c24 سم.
336 _2rda content
_atext
337 _2rda media
_aComputer
338 _2rda carrier
_aOnline Resource
500 _aالنظام القانوني للموظف العام ومفهوم حق الانتماء إلى الأحزاب السياسية - العلاقة بين الحقوق السياسية والديمقراطية - انتماء الموظف العام إلى الأحزاب السياسية -أنواع النظم الحزبية في الأنظمة الدستورية - وظائف الأحزاب السياسية - - مدى حق الموظف في الانتماء إلى الأحزاب السياسية في الأنظمة المقارنة - أثر ممارسة الموظف العام لحقه في الانتماء إلى الأحزاب السياسية على تقلد الوظائف العامة - قيود ممارسة الموظف العام لحقه في الانتماء إلى الأحزاب السياسية - الإضراب الوظيفي -الإضراب بوصفه من الحقوق السياسية - قيود ممارسة حق الإضراب - ضمانات ممارسة الموظف العام لحقه في الانتماء إلى الأحزاب السياسية - مبدأ المساواة في تولي الوظائف العامة.
504 _a. 297-299ببليوجرافيا: صفحات
546 _aالنص باللغة العربية
650 1 4 _aحقوق الموظف العام
650 1 4 _aالقانون الإدارى
856 4 0 _uhttps://fll.law.cu.edu.eg/fulltext/bks/B07-01394.pdf
905 _a77
942 _2ddc
_cBK
_e21
_n0
999 _c56646
_d56646